Les pilotes français qui ont fait au moins 10 GP - Statistiques

Statistiques générales
  • Ce quiz a été pris 27 fois
  • Le résultat moyen est 12 sur 40
Statistiques - réponses
Course(s) Pole(s) Position(s) Podium(s) Victoire(s) Pilot % Correct
199 33 106 51 Alain Prost
95%
180 0 4 1 Esteban Ocon
91%
177 0 5 1 Pierre Gasly
86%
179 0 10 0 Romain Grosjean
82%
23 0 1 0 Isack Hadjar
73%
201 2 32 1 Jean Alesi
73%
157 0 5 1 Olivier Panis
68%
149 18 22 7 Réné Arnoux
55%
49 6 2 2 Jean-Pierre Jabouille
50%
116 5 11 2 Patrick Tambay
50%
58 0 0 0 Jean-Eric Vergne
41%
34 0 0 0 Jules Bianchi
41%
95 1 19 2 Patrick Depailler
41%
70 4 13 3 Didier Pironi
36%
176 7 33 6 Jacques Laffite
36%
27 0 0 0 Sébastien Bourdais
36%
46 0 13 1 François Cevert
32%
82 1 9 2 Maurice Trintignant
32%
39 0 0 0 Charles Pic
27%
85 0 8 1 Jean-Pierre Beltoise
27%
135 3 3 0 Jean-Pierre Jarier
27%
110 0 0 0 Philippe Alliot
27%
54 0 1 0 Philippe Streiff
23%
12 0 0 0 Guy Ligier
14%
56 0 1 0 Henri Pescarolo
9%
45 0 1 0 Eric Bernard
5%
59 0 0 0 Erik Comas
5%
52 0 9 0 Jean Behra
5%
11 0 0 0 Jean-Christophe Boullion
5%
28 0 0 0 Robert Manzon
5%
11 0 0 0 André Simon
0%
19 0 0 0 François Hesnault
0%
13 0 0 0 François Migault
0%
11 0 0 0 Johnny Servoz-Gavin
0%
38 0 2 0 Louis Rosier
0%
41 0 0 0 Olivier Grouillard
0%
11 0 0 0 Pascal Fabre
0%
12 0 0 0 Philippe Etancelin
0%
24 0 0 0 Yannick Dalmas
0%
13 0 0 0 Yves Cabantous
0%
Aucun quiz correspondant
Distribution des résultats
% des personnes avec chaque résultat
Percentile par nombre de réponses
Votre historique - résultats
Vous n’avez pas pris ce quiz